000
00254nam a2200097Ia 4500
001
1047819
005
20250826232242.0
008
250824s9999 xx 000 0 und d
245
0
_a
İSLAM DEKLARASYONU
_c
ALİYA İZZETBEGOVİÇ
260
_b
KETEBE YAYINLARI
999
_c
1047819
_d
1047819